El transporte urbano un desafío para el próximo milenio (Registro nro. 51146)
[ vista simple ]
| 000 -ENCABEZADO | |
|---|---|
| Número de control [NR] | 01250nam a2200265Ia 4500 |
| 005 - FECHA Y HORA DE LA ÚLTIMA TRANSACCIÓN | |
| control field | 20140903173607.0 |
| 008 - DE LONGITUD FIJA DE DATOS DE ELEMENTOS - INFORMACIÓN GENERAL | |
| Elementos de longitud fija [NR] | 130821s1996 ck gr spa |
| 020 ## - NUMERO INTERNACIONAL NORMALIZADO PARA LIBROS [R] | |
| Número Internacional Normalizado del libro [NR] | 9586830047 |
| 040 ## - FUENTE DE CATALOGACION [NR] | |
| Agencia de catalogación original [NR] | Co-BoUCM |
| Idioma de catalogación [NR] | spa |
| 041 00 - CODIGO DE IDIOMA [R] | |
| Código de idioma para texto/pista de sonido o título separado [R] | Español |
| 111 10 - ASIENTO PRINCIPAL--NOMBRE DE REUNION [NR] | |
| Nombre de reunión o de jurisdicción como elemento de entrada [NR] | Seminario Sistemas de transporte para las grandes ciudades ( |
| Fecha de la reunión [NR] | 1996 mar. 6-8 |
| Lugar de la reunión [NR] | Bogotá) |
| 245 10 - MENCION DE TITULO [NR] | |
| Título [NR] | El transporte urbano un desafío para el próximo milenio |
| Mención de responsabilidad, etc. [NR] | Seminario Sistemas de transporte para las grandes ciudades |
| 260 ## - PUBLICACION, DISTRIBUCION, ETC. (PIE DE IMPRENTA) [R] | |
| Lugar de publicación, distribución, etc. [R] | Bogotá (Colombia) |
| Nombre del editor, distribuidor, etc. [R] | Centro Editorial Javeriano |
| Fecha de publicación, distribución, etc. [R] | 1996 |
| 300 ## - DESCRIPCION FISICA [R] | |
| Extensión [R] | 208 páginas |
| 650 04 - ASIENTO SECUNDARIO DE MATERIA - TERMINO TEMATICO [R] | |
| Término temático o nombre geográfico como elemento de entrada [NR] | Comercio |
| 9 (RLIN) | 11192 |
| 650 04 - ASIENTO SECUNDARIO DE MATERIA - TERMINO TEMATICO [R] | |
| Término temático o nombre geográfico como elemento de entrada [NR] | Política y transporte urbano |
| Subdivisión de forma [R] | Congresos, conferencias, etc. |
| 9 (RLIN) | 22046 |
| 650 04 - ASIENTO SECUNDARIO DE MATERIA - TERMINO TEMATICO [R] | |
| Término temático o nombre geográfico como elemento de entrada [NR] | Transporte urbano |
| Subdivisión de forma [R] | Congresos, conferencias, etc. |
| 9 (RLIN) | 25707 |
| 650 04 - ASIENTO SECUNDARIO DE MATERIA - TERMINO TEMATICO [R] | |
| Término temático o nombre geográfico como elemento de entrada [NR] | Transporte urbano |
| Subdivisión geográfica [R] | Barcelona (España) |
| Subdivisión de forma [R] | Congresos, conferencias, etc. |
| 9 (RLIN) | 25707 |
| 650 04 - ASIENTO SECUNDARIO DE MATERIA - TERMINO TEMATICO [R] | |
| Término temático o nombre geográfico como elemento de entrada [NR] | Transporte urbano |
| Subdivisión geográfica [R] | Bogotá (Colombia) |
| Subdivisión de forma [R] | Congresos, conferencias, etc. |
| 9 (RLIN) | 25707 |
| 650 04 - ASIENTO SECUNDARIO DE MATERIA - TERMINO TEMATICO [R] | |
| Término temático o nombre geográfico como elemento de entrada [NR] | Transporte urbano |
| Subdivisión geográfica [R] | Paris (Francia) |
| Subdivisión de forma [R] | Congresos, conferencias, etc. |
| 9 (RLIN) | 25707 |
| 700 ## - ASIENTO SECUNDARIO - NOMBRE PERSONAL [R] | |
| Nombre personal [NR] | Montezuma, Ricardo |
| Término de relación [R] | |
| 710 ## - ASIENTO SECUNDARIO - NOMBRE CORPORATIVO [R] | |
| Nombre corporativo o de jurisdicción como elemento de entrada [NR] | Pontificia Universidad Javeriana. |
| Unidad subordinada [R] | Instituto Javeriano de Vivienda y Urbanismo. INJAVIU |
| 942 ## - ELEMENTOS DE ENTRADA AGREGADOS (KOHA) | |
| Tipo de ítem principal el descrito en 300a | Libro |
| Tema principal | Economía |
| Edición | 1 |
| Parte restante de la signatura top. | T772 |
| Sistema de clasificación | DEWEY |
| Clasificación | 388.4 |
| Fecha de último préstamo | Total préstamos | Total Renewals | Signatura topográfica | Código de barras | Última vez visto | Ejemplar | Price effective from | Tipo de ítem | Perdido | Sistema de clasificación | Dañado | No prestable | Tipo de ítem específico | Suprimido | Ubicación habitual | Ubicación actual | Localización | Fecha de creación | Forma de adquisición | Costo |
|---|---|---|---|---|---|---|---|---|---|---|---|---|---|---|---|---|---|---|---|---|
| 13/07/2021 | 10 | 8 | 388.4 T772 | 100081371 | 05/12/2025 | Ej.1 | 03/02/2013 | Libro | DEWEY | Libro | Claustro | Claustro | Mezanine | 30/09/2006 | Compra | 60000.00 | ||||
| 27/09/2012 | 32 | 388.4 T772 | 100081822 | 05/12/2025 | Ej.2 | 03/02/2013 | Libro | DEWEY | Libro | Claustro | Claustro | Mezanine | 30/09/2007 | Compra | 60000.00 |